000 00713nam0a2200253 4500
001 RU\NLR\BIBL_A\011509336
005 20250626082247.0
035 _a(NLR Aleph) 011509336
090 _a13415061
_c13415061
100 _a20171027d1981 |||y0rusy50 ca
101 0 _aaze
102 _aAZ
105 _ay z 000 y
200 1 _aӘкс-сәда
_fJашар Рзаjев
210 _aБакы
_cҜәнҹлик
_d1981
215 _a103 с.
_d16
541 1 _aЭхо
_eрассказы и повесть
686 1 _aШ6(2=Аз)7-4
700 1 _aРзаjев
_bJ.
_gJашар
_4070
790 1 _aРзаев
_bЯ.
_gЯшар
_4070
852 _aNLR
_bОНЛ
_jАзерб./2-19671
942 _cBOOK
980 _aNB